|
|
|
|
| LEADER |
00000cam a2200000 4500 |
| 001 |
vtls012243160 |
| 003 |
SK-MaSNL |
| 005 |
20260302012358.0 |
| 008 |
231102s2023 xo oac g 001 0 slo |
| 015 |
|
|
|a SNBA2023/12
|
| 020 |
|
|
|a 9788055190006
|q (viazané)
|
| 040 |
|
|
|a SNK
|b slo
|c SNK
|e rda
|
| 041 |
1 |
|
|a slo
|h eng
|
| 044 |
|
|
|a xo
|c SK
|
| 072 |
|
7 |
|a 355/359
|x Vojenstvo. Obrana krajiny. Ozbrojené sily
|2 konspekt
|
| 072 |
|
7 |
|a 929
|x Biografie
|2 konspekt
|
| 080 |
|
|
|a 355.4(091)
|2 2011
|
| 080 |
|
|
|a 355.01(091)
|2 2001
|
| 080 |
|
|
|a 355.081/.085
|2 2001
|
| 080 |
|
|
|a 355-051
|2 2011
|
| 080 |
|
|
|a 355.3-051
|2 2001
|
| 080 |
|
|
|a 929-058.1
|2 2011
|
| 080 |
|
|
|a 929(092)
|2 2011
|
| 080 |
|
|
|a (0:82-321.6)
|2 2011
|
| 080 |
|
|
|a (0.025.2)
|2 2011
|
| 240 |
1 |
0 |
|a Masters of war
|l Slovensky
|
| 245 |
0 |
0 |
|a Velikáni vojen
|b ilustrované dejiny vojska od veliteľov po bojovníkov prvej línie
|c z anglického originálu Masters of war ... preložila Veronika Zitta
|
| 246 |
3 |
0 |
|a Ilustrované dejiny vojska od veliteľov po bojovníkov prvej línie
|
| 246 |
1 |
|
|i Na zadnej strane obálky:
|a Ľudia, ktorí zmenili beh dejín
|
| 250 |
|
|
|a Prvé vydanie
|
| 264 |
|
1 |
|a Bratislava
|b Ikar
|c 2023
|
| 300 |
|
|
|a 360 strán
|b fotografie, ilustrácie (prevažne farebné), portréty
|c 31 cm
|
| 336 |
|
|
|a text
|b txt
|2 rdacontent
|
| 336 |
|
|
|a statický obraz
|b sti
|2 rdacontent
|
| 337 |
|
|
|a bez média
|b n
|2 rdamedia
|
| 338 |
|
|
|a zväzok
|b nc
|2 rdacarrier
|
| 504 |
|
|
|a Obsahuje register
|
| 650 |
0 |
7 |
|a vojenské dejiny
|2 SNKPH
|9 70411
|
| 650 |
0 |
7 |
|a dejiny vojen
|2 SNKPH
|9 82933
|
| 650 |
0 |
7 |
|a vojenskí velitelia
|2 SNKPH
|9 66208
|
| 650 |
0 |
7 |
|a vojaci
|2 SNKPH
|9 20587
|
| 650 |
0 |
7 |
|a bojovníci
|2 SNKPH
|9 31528
|
| 650 |
0 |
7 |
|a osobnosti
|2 SNKPH
|9 29820
|
| 650 |
0 |
7 |
|a Military history
|2 SNKPHeng
|9 267258
|
| 650 |
0 |
7 |
|a History of wars
|2 SNKPHeng
|9 328827
|
| 650 |
0 |
7 |
|a Military officers
|2 SNKPHeng
|9 325251
|
| 650 |
0 |
7 |
|a Soldiers
|2 SNKPHeng
|9 286109
|
| 650 |
0 |
7 |
|a Warriors
|2 SNKPHeng
|9 347022
|
| 650 |
0 |
7 |
|a Celebrities
|2 SNKPHeng
|9 265203
|
| 655 |
|
7 |
|a biografie
|2 SNKPH
|9 27965
|
| 655 |
|
7 |
|a vojnové príbehy
|2 SNKPH
|9 85262
|
| 655 |
|
7 |
|a ilustrované publikácie
|2 SNKPH
|9 109406
|
| 655 |
|
7 |
|a Biography
|2 SNKPHeng
|9 266314
|
| 655 |
|
7 |
|a War stories
|2 SNKPHeng
|9 340610
|
| 655 |
|
7 |
|a Illustrated publications
|2 SNKPHeng
|9 289635
|
| 700 |
1 |
|
|a Zitta, Veronika
|4 trl
|9 313525
|
| 852 |
|
|
|a Slovenská národná knižnica
|
| 919 |
|
|
|a 978-80-551-9000-6
|
| 954 |
|
|
|a odborná, vedecká literatúra pôvodná (slovenská)
|2 lita
|
| 954 |
|
|
|a ilustrované knihy, leporelá, komiksy pôvodné (slovenské)
|2 lita
|
| 999 |
|
|
|c 1009316
|d 1011246
|
| 952 |
|
|
|a SNK
|b SNK
|y PREZ
|7 0
|p 17A1538283
|o snkSB 99666
|i snk2023/15788
|8 0
|0 0
|1 0
|4 0
|d 2023-11-02
|f 1
|l 0
|r 2025-05-22 00:00:00
|w 2026-02-24
|
| 952 |
|
|
|a SNK
|b SNK
|y VYP
|7 0
|p 17A1538284
|o snkSB 99666 D1
|i snk2023/15789
|8 0
|0 0
|1 0
|4 0
|d 2023-11-02
|l 0
|r 2026-02-24 12:47:33
|w 2026-02-24
|